000 01879nam a2200481 c 4500
001 134096
003 BLK
005 20240131090315.0
008 180409b bul|||||r ||||||| ||bul||
010 _aKNG00140003000
020 _a978-954-350-113-7
040 _aBLK
041 _aBUL
_cBUL
072 7 _2bullib
_aН80
_xЕзикознание Н
080 _aБългарска литература
_b821.163.2
_x(092)
_z821.163.2(092)
080 _aБългарска литература
_b821.163.2
_x.09
_z821.163.2.09
080 _aБиографии
_b929
_x(497.2)
_z929(497.2)
100 1 _aПенчева, Радка Пенчева
_9371453
139 _aПенчева, Радка Пенчева
_bП 36
245 1 0 _aСюжети на забравата.
245 1 0 _aРеванши на паметта
_bЛит.-крит. статии и докум. изследвания
_cРадка Пенчева Пенчева.
257 _aBGR
260 _bАстарта
_c2011
_aПловдив
300 _a248 с.
_bс ил., портр., факс.
_c20 см
380 _a82
500 _aБиблиогр. след отд. материали.
650 4 _aБългарска литература - теми, образи, сюжети
_9242409
650 4 _aПисатели, български - творчество
_9250544
653 _aбългарска литература
653 _aбългарски писатели
653 _aлитературно творчество
653 _aлитературна критика
659 _aН
852 _aЦб 258505
856 4 _qpdf
856 4 _qpdf
942 _cKNG
_n0
944 _aCR
_c26.02.2013
_lНора Радева
_k30545
944 _aED
_c31.03.2015
_lф /
_kЛюдмила_Стоянова
999 _c134096
_d134096
999 _d134096
999 _d134096
999 _d134096